Poetry and Iraqi Society 1900-1945 (Record no. 5742)

MARC details
000 -LEADER
fixed length control field 00607nam a2200253 a 4500
020 ## - INTERNATIONAL STANDARD BOOK NUMBER
ISBN
082 00 - DEWEY DECIMAL CLASSIFICATION NUMBER
Classification number 892.76
Author Cutter IZZ
100 ## - MAIN ENTRY--AUTHOR NAME
Author name Izzedien, Yousif
245 ## - TITLE STATEMENT
Title Poetry and Iraqi Society 1900-1945
260 ## - PUBLICATION, DISTRIBUTION, ETC. (IMPRINT)
Place of publication Baghdad
Name of publisher Aani Press
Year of publication 1962
300 ## - PHYSICAL DESCRIPTION
Number of Pages 63p
500 ## - GENERAL NOTE
General note includes index and biblioraphy
505 2# - FORMATTED CONTENTS NOTE
Formatted contents note Index
650 ## - SUBJECT ADDED ENTRY--TOPICAL TERM
Topical Term Arabic-Poetry
650 ## - SUBJECT ADDED ENTRY--TOPICAL TERM
Topical Term Civilization-Iran
942 ## - ADDED ENTRY ELEMENTS (KOHA)
Koha item type Books
700 1# -
-- Izzedien, Yousif
Holdings
Collection code Home library Current library Date acquired Cost, normal purchase price Full call number Accession Number Koha item type
  Henry Martyn Institute Library Henry Martyn Institute Library 06/04/2007 100.00 892.76 IZZ 08903 Books
                   Copyright © 2026 | Henry Martyn Institute | Hyderabad | TS-500052 | INDIA | Implemented by hmi.edu.in
Hit-Count:

Powered by Koha